[Event "Steinfurt Bezirksklasse 0910"]
[Site "Germany"]
[Date "2010.05.08"]
[Round "7.8"]
[White "Schulte, Rainer"]
[Black "Lang, Kathrin"]
[Result "0-1"]
[WhiteElo "1472"]
[BlackElo "1356"]
[PlyCount "64"]
[EventDate "2009.09.26"]
[EventType "team-tourn"]
[EventRounds "7"]
[EventCountry "GER"]
[SourceTitle "EXT 2011"]
[Source "ChessBase"]
[SourceDate "2010.11.26"]
[SourceVersion "1"]
[SourceVersionDate "2010.11.26"]
[SourceQuality "1"]
[WhiteTeam "Emsdetten Rochade III"]
[BlackTeam "Rheine"]
[WhiteTeamCountry "GER"]
[BlackTeamCountry "GER"]

1. Nf3 d5 2. g3 Nf6 3. Bg2 Nc6 4. d4 Bf5 5. Nbd2 Nb4 6. e4 Nxe4 7. a3 Nxd2 8. axb4 Nxf3+ 9. Bxf3 Bh3 10. Bf4 e6 11. Qd2 Bd6 12. Bg5 f6 13. Be3 0-0 14. 0-0-0 Qe7 15. c3 b6 16. Rdg1 a5 17. b5 a4 18. g4 a3 19. b4 a2 20. Kb2 Ra7 21. Ra1 Rfa8 22. Kb3 Ra3+ 23. Kb2 Qd7 24. Be2 e5 25. Rhg1 f5 26. gxf5 Bxf5 27. Bd3 Bxd3 28. Qxd3 Bxb4 29. Bd2 e4 30. Qg3 Bf8 31. Bh6 Qxb5+ 32. Kc2 Qe2+ 0-1

[Event "Steinfurt Bezirksklasse 0809"]
[Site "Germany"]
[Date "2009.03.28"]
[Round "6.8"]
[White "Lang, Kathrin"]
[Black "Hallmeier, Philipp"]
[Result "1-0"]
[WhiteElo "1395"]
[BlackElo "1049"]
[PlyCount "43"]
[EventDate "2008.09.13"]
[EventType "team-tourn"]
[EventRounds "7"]
[EventCountry "GER"]
[SourceTitle "EXT 2010"]
[Source "ChessBase"]
[SourceDate "2010.11.25"]
[SourceVersion "1"]
[SourceVersionDate "2010.11.25"]
[SourceQuality "1"]
[WhiteTeam "Rheine SG"]
[BlackTeam "Ibbenbueren III"]
[WhiteTeamCountry "GER"]
[BlackTeamCountry "GER"]

1. e4 e5 2. Bc4 Nf6 3. Nf3 Bc5 4. 0-0 Nc6 5. d3 0-0 6. Bg5 h6 7. Bh4 d6 8. h3 Nd4 9. Nh2 b5 10. Bd5 c6 11. c3 cxd5 12. cxd4 Bxd4 13. Qb3 dxe4 14. dxe4 Qb6 15. Bxf6 gxf6 16. Qg3+ Kh8 17. Nc3 Bb7 18. Qh4 Kg7 19. Ng4 Rh8 20. Qxf6+ Kg8 21. Nxh6+ Kh7 22. Nf5 1-0

[Event "Steinfurt Bezirksklasse 0607"]
[Site "Germany"]
[Date "2006.09.16"]
[Round "1.7"]
[White "Koczy, Willibald"]
[Black "Lang, Kathrin"]
[Result "1-0"]
[WhiteElo "1398"]
[BlackElo "1402"]
[PlyCount "55"]
[EventDate "2006.09.30"]
[EventType "team-tourn"]
[EventRounds "7"]
[EventCountry "GER"]
[SourceTitle "EXT 2008"]
[Source "ChessBase"]
[SourceDate "2007.11.25"]
[SourceVersion "1"]
[SourceVersionDate "2007.11.25"]
[SourceQuality "1"]
[WhiteTeam "Ibbenbueren III"]
[BlackTeam "Rheine SG"]
[WhiteTeamCountry "GER"]
[BlackTeamCountry "GER"]

1. e4 c5 2. Nf3 Nc6 3. d4 cxd4 4. Nxd4 e5 5. Nb3 Nf6 6. Nc3 Bb4 7. Bg5 h6 8. Bxf6 Qxf6 9. Qd2 Nd4 10. a3 Nxb3 11. cxb3 Bc5 12. b4 Bd4 13. Nd5 Qd6 14. Bc4 0-0 15. 0-0 a6 16. Kh1 b5 17. Ba2 Bb7 18. f4 Kh8 19. f5 Bxd5 20. Bxd5 Rac8 21. Rf3 Qf6 22. Rb1 Rc7 23. Rff1 Rfc8 24. Rbc1 Rxc1 25. Rxc1 Rxc1+ 26. Qxc1 Qh4 27. Bxf7 Bxb2 28. Qc8+ 1-0

[Event "Steinfurt Bezirksliga 0203"]
[Site "Germany"]
[Date "2002.12.21"]
[Round "4.4"]
[White "Schmidtke, Heinrich"]
[Black "Lang, Kathrin"]
[Result "1/2-1/2"]
[WhiteElo "1561"]
[BlackElo "1507"]
[PlyCount "71"]
[EventDate "2002.09.14"]
[EventType "team-tourn"]
[EventRounds "9"]
[EventCountry "GER"]
[SourceTitle "EXT 2004"]
[Source "ChessBase"]
[SourceDate "2003.11.25"]
[SourceVersion "1"]
[SourceVersionDate "2003.11.25"]
[SourceQuality "1"]
[WhiteTeam "Nordwalde II"]
[BlackTeam "Rheine SG"]
[WhiteTeamCountry "GER"]
[BlackTeamCountry "GER"]

1. Nf3 d5 2. c4 Nf6 3. b3 Nc6 4. Bb2 d4 5. e3 d3 6. g3 Nb4 7. Na3 Bg4 8. h3 Bf5 9. Bg2 c6 10. 0-0 e6 11. Qc1 Qa5 12. Nh4 Be7 13. Re1 Ne4 14. Nf3 0-0 15. g4 Bg6 16. Ne5 Nd6 17. Bd4 f5 18. c5 Ne4 19. Nec4 Qc7 20. Be5 Qd7 21. Bxe4 fxe4 22. Bg3 Bxc5 23. Ne5 Qe7 24. Qc4 Nd5 25. Nb1 Bd6 26. Nxg6 hxg6 27. Bxd6 Qxd6 28. Qxe4 Rf6 29. Qxd3 Raf8 30. Rf1 Qe5 31. Nc3 Rf3 32. Qe4 Qf6 33. g5 Qxg5+ 34. Qg4 Qe5 35. d4 Qf6 36. Ne4 1/2-1/2